Normal view
MARC view
- Communication in engineering
Entry Topical Term
001 - CONTROL NUMBER
- control field: 96228
003 - CONTROL NUMBER IDENTIFIER
- control field: NUST
005 - DATE AND TIME OF LATEST TRANSACTION
- control field: 20220802115425.0
008 - FIXED-LENGTH DATA ELEMENTS
- fixed length control field: 220802|| aca||aabn | a|a d
040 ## - CATALOGING SOURCE
- Original cataloging agency: NUST
- Transcribing agency: NUST
150 ## - HEADING--TOPICAL TERM
- Topical term or geographic name entry element: Communication in engineering
670 ## - SOURCE DATA FOUND
- Source citation: Work cat.: (NUST)175450: Tenopir, Carol. 96227, Communication Patterns of Engineers /, 2004.
